000 00309nam a22001337a 4500
008 181122b xxu||||| |||| 00| 0 eng d
020 _a9780723610144
041 _aeng
080 _a616.31
100 _a5
101 _aSTO
245 _aConcise Illustrated Dental Dictionary
_cHarty, F.J
942 _2udc
_cBK
999 _c52401
_d52401